| 000 | 00697cam a2200217 4500 | ||
|---|---|---|---|
| 001 | 97 | ||
| 005 | 20181127160352.0 | ||
| 008 | 080710s2009 nyuab b 001 0 eng | ||
| 010 | _a 2008030815 | ||
| 020 | _a0205645852 | ||
| 020 | _a9780205645855 | ||
| 245 | 0 | 0 |
_aConformity and conflict : _breadings in cultural anthropology / _c[edited by] James Spradley, David W. McCurdy. |
| 250 | _a13th ed. | ||
| 260 |
_aUpper Saddle River, N.J. : _bPearson/Prentice Hall, _cc2009. |
||
| 300 |
_axvi, 456 p. : _bill., maps ; _c24 cm. |
||
| 504 | _aIncludes bibliographical references and index. | ||
| 650 | 0 | _aAnthropology. | |
| 650 | 0 | _aEthnology. | |
| 700 | 1 | _aMcCurdy, David W. | |
| 700 | 1 | _aSpradley, James P. | |
| 999 |
_c82 _d82 |
||